[Event "Nettetal op"]
[Site "Nettetal"]
[Date "2010.07.09"]
[Round "8"]
[White "Schaefers, Bernd"]
[Black "Mangels, Winfried"]
[Result "1-0"]
[WhiteElo "1787"]
[BlackElo "1543"]
[PlyCount "63"]
[EventDate "2010.07.03"]
[EventType "swiss"]
[EventRounds "9"]
[EventCountry "GER"]
[SourceTitle "CBM 137 Extra"]
[Source "ChessBase"]
[SourceDate "2010.09.01"]
[SourceVersion "1"]
[SourceVersionDate "2010.09.01"]
[SourceQuality "1"]

1. e4 e6 2. d4 d5 3. exd5 Qxd5 4. c4 Qd8 5. Nf3 Nf6 6. Be2 Be7 7. Nc3 c6 8. 0-0 Nbd7 9. a3 b6 10. h3 Bb7 11. Bf4 0-0 12. Qc2 Nh5 13. Bh2 g6 14. Rad1 Rc8 15. Rfe1 Ndf6 16. Ne5 Ng7 17. Bf3 Nf5 18. Ne2 Nh4 19. Qb3 Bd6 20. Ng4 Bxh2+ 21. Nxh2 Nxf3+ 22. Nxf3 Nh5 23. Qe3 Ng7 24. Ng3 Re8 25. Ne5 Rc7 26. Ne4 Rf8 27. Ng4 f5 28. Nh6+ Kh8 29. Ng5 f4 30. Qe5 Rf5 31. Qxf5 Nxf5 32. Nhf7+ 1-0

[Event "Nettetal op"]
[Site "Nettetal"]
[Date "2010.07.08"]
[Round "6"]
[White "Westendorp, Christian"]
[Black "Mangels, Winfried"]
[Result "1-0"]
[WhiteElo "1832"]
[BlackElo "1543"]
[PlyCount "43"]
[EventDate "2010.07.03"]
[EventType "swiss"]
[EventRounds "9"]
[EventCountry "GER"]
[SourceTitle "CBM 137 Extra"]
[Source "ChessBase"]
[SourceDate "2010.09.01"]
[SourceVersion "1"]
[SourceVersionDate "2010.09.01"]
[SourceQuality "1"]

1. d4 d5 2. c4 Nf6 3. cxd5 Qxd5 4. Nc3 Qd8 5. Bf4 e6 6. Nf3 Be7 7. e4 c6 8. Bd3 h6 9. Qc2 Nbd7 10. e5 Nd5 11. Nxd5 exd5 12. e6 Nb6 13. exf7+ Kf8 14. Ne5 Bb4+ 15. Kf1 Be6 16. a3 Qf6 17. axb4 Bxf7 18. Qc5+ Qe7 19. Qxe7+ Kxe7 20. Re1 Kf8 21. Ng6+ Bxg6 22. Bxg6 1-0